BEZDRÔTOVÝ TELEKOMUNIKAČNÝ SYSTÉM PACS

Bibliographic Details
Main Author: Janove, Vladimír (Author)
Format: Article
Language:Slovak

MARC

LEADER 00000nab a2200000 a 4500
001 vtls011132200
003 SK-MaSNL
005 20260303151022.0
008 230222|1998 xo |||||||||||||||||slo|
015 |a SNBRB 
035 |a (uuid)e5a84dd5-3c8a-4e69-be69-deccf0192768 
035 |a (urnnbn)urn:nbn:sk:snk:ar-a09mcn 
035 |a urn:nbn:sk:snk-abaa0n 
040 |a SNKBUCL  |b slo  |c SNKBUCL  |e AACR2 
041 0 |a slo 
044 |a xo  |c SK 
100 1 |a Janove, Vladimír  |4 aut  |9 18443 
245 1 0 |a BEZDRÔTOVÝ TELEKOMUNIKAČNÝ SYSTÉM PACS  |c Vladimír Janove 
773 0 |t Zborník Vojenskej akadémie Slovenského národného povstania  |g Roč. 5, č. 4 (1998), s. 115-121 
954 |a odborná, vedecká literatúra pôvodná (slovenská)  |2 lita 
958 |a OND 
958 |a EUIPO 
958 |a article13 
999 |c 2015253  |d 2017183